00336 a2200109 4500001000900000005001700009008004100026245006900067100003100136773004200167999001700209ART_737320260410161623.0260409a 10aRegulaciones sobre información ambiental en Argentina y EE.UU.1 aGarcía Fronti, Inés M.0 tEnfoquesg- Nº 4 (abr. 2012)wREV416 c11770d11770